|
|
|
|
| LEADER |
00000naa0a2200000 4500 |
| 001 |
659660 |
| 005 |
20250827143035.0 |
| 035 |
|
|
|a (RuTPU)RU\TPU\network\28329
|
| 035 |
|
|
|a RU\TPU\network\13223
|
| 090 |
|
|
|a 659660
|
| 100 |
|
|
|a 20190313d2018 k y0rusy50 ca
|
| 101 |
0 |
|
|a rus
|
| 102 |
|
|
|a RU
|
| 135 |
|
|
|a drcn ---uucaa
|
| 181 |
|
0 |
|a i
|
| 182 |
|
0 |
|a b
|
| 200 |
1 |
|
|a Моделирование разделения смесей в процессах переработки углеводородного сырья
|f А. А. Бунаев [и др.]
|
| 203 |
|
|
|a Текст
|c электронный
|
| 300 |
|
|
|a Заглавие с экрана
|
| 320 |
|
|
|a [Библиогр.: 4 назв.]
|
| 333 |
|
|
|a Режим доступа: по договору с организацией-держателем ресурса
|
| 463 |
|
|
|t Неделя науки СПбПУ
|o материалы научной конференции с международным участием. Институт передовых производственных технологий (ИППТ), Санкт-Петербург, 19-24 Ноября 2018
|f Национальный исследовательский Санкт-Петербургский государственный политехнический университет Петра Великого (НИ СПбГПУ)
|v [С. 15-17]
|d 2018
|
| 610 |
1 |
|
|a электронный ресурс
|
| 610 |
1 |
|
|a труды учёных ТПУ
|
| 610 |
1 |
|
|a углеводородное сырье
|
| 610 |
1 |
|
|a переработка
|
| 610 |
1 |
|
|a сырье
|
| 701 |
|
1 |
|a Бунаев
|b А. А.
|c химик
|c инженер Томского политехнического университета
|f 1996-
|g Аюр Алексеевич
|3 (RuTPU)RU\TPU\pers\47026
|
| 701 |
|
1 |
|a Долганов
|b И. М.
|c химик-технолог
|c доцент Томского политехнического университета, кандидат технических наук
|f 1987-
|g Игорь Михайлович
|3 (RuTPU)RU\TPU\pers\25930
|9 11781
|
| 701 |
|
1 |
|a Долганова
|b И. О.
|c химик
|c младший научный сотрудник Томского политехнического университета, аспирант, кандидат технических наук
|f 1988-
|g Ирэна Олеговна
|3 (RuTPU)RU\TPU\pers\27911
|9 12914
|
| 701 |
|
1 |
|a Солопова
|b А. А.
|c химик-технолог
|c инженер Томского политехнического университета
|f 1994-
|g Анастасия Александровна
|3 (RuTPU)RU\TPU\pers\46603
|9 22261
|
| 701 |
|
1 |
|a Гиль
|b Т. А.
|c химик-технолог
|c инженер Томского политехнического университета
|f 1997-
|g Татьяна Алексеевна
|3 (RuTPU)RU\TPU\pers\47143
|
| 712 |
0 |
2 |
|a Национальный исследовательский Томский политехнический университет
|b Инженерная школа природных ресурсов
|b Отделение химической инженерии
|3 (RuTPU)RU\TPU\col\23513
|
| 801 |
|
2 |
|a RU
|b 63413507
|c 20220330
|g RCR
|
| 856 |
4 |
|
|u https://elibrary.ru/item.asp?id=36727322
|
| 942 |
|
|
|c CF
|